Metodología de la investigación

Uloženo v:
Podrobná bibliografie
Hlavní autoři: Hernández Sampieri, Roberto (autor), Fernández Collado, Carlos (Autor), Baptista Lucio, María del Pilar (Autor)
Médium: Kniha
Jazyk:španělština
Vydáno: Ciudad de México, México: McGraw-Hill, 2010.
Vydání:Quinta edición.
Témata:
Tagy: Přidat tag
Žádné tagy, Buďte první, kdo vytvoří štítek k tomuto záznamu!

MARC

LEADER 00000cam a2200000 a 4500
001 UCG4283
003 CL-VaPUC
005 20250407202431.0
008 101021e20100000MX |||||||||||||||||spa|d
999 |c 343104  |d 343102 
020 |a 9786071502919 
040 |c Pontificia Universidad Católica de Valparaíso 
082 0 4 |a 001.42 HER 2010  |b    |2 21 
100 |a Hernández Sampieri, Roberto  |e autor  |9 581658 
245 1 0 |a Metodología de la investigación 
250 |a Quinta edición. 
260 |a Ciudad de México, México:  |b McGraw-Hill,  |c 2010. 
300 |a xl, 613 páginas. 
500 |a c.21-c.22 Instituto Arcos 8-1-2025. 
583 |a last modification  |c 20121203 11:03:43  |k Rodrigo Vera 
650 0 |a Investigación  |x Metodología  |x Teoría   |9 883899 
650 0 |a Métodos de investigación   |x Diseños de investigación  |x Investigación cualitativa  |x Investigación cuantitativa  |x Investigación mixta  |9 872470 
700 0 |a Fernández Collado, Carlos  |e author  |9 553644 
700 0 |a Baptista Lucio, María del Pilar  |e author  |9 553645 
942 |c BK  |2 ddc  |n 0 
945 |d 20101021 00:00:00  |a mfarfan 
952 |0 0  |1 0  |4 0  |6 001_420000000000000_HER_2010  |7 0  |8 R  |9 440087  |a BIBENE  |b BIBENE  |d 2019-11-22  |i 4729013  |o 001.42 HER 2010  |p 4729013  |r 2025-01-15  |w 2019-11-22  |y BK_R  |k ICO 
952 |0 0  |1 0  |4 0  |6 001_420000000000000_HER_2010  |7 0  |8 R  |9 440089  |a BIBENE  |b BIBENE  |d 2019-11-22  |i 4886615  |o 001.42 HER 2010  |p 4886615  |r 2025-01-15  |w 2019-11-22  |y BK_R  |k ICO 
952 |0 0  |1 0  |4 0  |6 001_420000000000000_HER_2010  |7 0  |8 R  |9 440090  |a BIBENE  |b BIBENE  |d 2019-11-22  |i 4886623  |l 1  |o 001.42 HER 2010  |p 4886623  |r 2025-01-15  |s 2024-03-11  |w 2019-11-22  |y BK_R  |k ICO 
952 |0 0  |1 0  |4 0  |6 001_420000000000000_HER_2010  |7 0  |8 R  |9 440091  |a BIBENE  |b BIBENE  |d 2019-11-22  |i 4886631  |o 001.42 HER 2010  |p 4886631  |r 2025-01-15  |w 2019-11-22  |y BK_R  |k ICO 
952 |0 0  |1 0  |4 0  |6 001_420000000000000_HER_2010  |7 0  |8 R  |9 440092  |a BIBENE  |b BIBENE  |d 2019-11-22  |i 488664K  |o 001.42 HER 2010  |p 488664K  |r 2025-01-15  |w 2019-11-22  |y BK_R  |k ICO 
952 |0 0  |1 0  |4 0  |6 001_420000000000000_HER_2010  |7 0  |8 R  |9 440093  |a BIBENE  |b BIBENE  |d 2019-11-22  |i 4886658  |o 001.42 HER 2010  |p 4886658  |r 2025-01-15  |w 2019-11-22  |y BK_R  |k ICO 
952 |0 0  |1 0  |4 0  |6 001_420000000000000_HER_2010  |7 0  |8 R  |9 440094  |a BIBGIM  |b BIBGIM  |d 2019-11-22  |i 4931769  |o 001.42 HER 2010  |p 4931769  |r 2025-01-15  |w 2019-11-22  |y BK_R  |k SSL 
952 |0 0  |1 0  |3 erb  |4 0  |6 001_420000000000000_HER_2010  |7 0  |8 R  |9 440095  |a BIBENE  |b BIBENE  |d 2019-11-22  |i 5012910  |o 001.42 HER 2010  |p 5012910  |r 2025-01-15  |w 2019-11-22  |y BK_R  |z Catalogado en:20130930  |k ICO 
952 |0 0  |1 0  |3 erb  |4 0  |6 001_420000000000000_HER_2010  |7 0  |8 R  |9 440096  |a BIBENE  |b BIBENE  |d 2019-11-22  |i 5012929  |o 001.42 HER 2010  |p 5012929  |r 2025-01-15  |w 2019-11-22  |y BK_R  |z Catalogado en:20130930  |k ICO 
952 |0 0  |1 0  |3 erb  |4 0  |6 001_420000000000000_HER_2010  |7 0  |8 R  |9 440097  |a BIBENE  |b BIBENE  |d 2019-11-22  |i 5012937  |o 001.42 HER 2010  |p 5012937  |r 2025-01-15  |w 2019-11-22  |y BK_R  |z Catalogado en:20130930  |k ICO 
952 |0 0  |1 0  |3 erb  |4 0  |6 001_420000000000000_HER_2010  |7 0  |8 R  |9 440098  |a BIBENE  |b BIBENE  |d 2019-11-22  |i 5012945  |o 001.42 HER 2010  |p 5012945  |r 2025-01-15  |w 2019-11-22  |y BK_R  |z Catalogado en:20130930  |k ICO 
952 |0 0  |1 0  |3 erb  |4 0  |6 001_420000000000000_HER_2010  |7 0  |8 R  |9 440099  |a BIBENE  |b BIBENE  |d 2019-11-22  |i 5012953  |o 001.42 HER 2010  |p 5012953  |r 2025-01-15  |w 2019-11-22  |y BK_R  |z Catalogado en:20130930  |k ICO 
952 |0 0  |1 0  |3 erb  |4 0  |6 001_420000000000000_HER_2010  |7 0  |8 R  |9 440100  |a BIBGIM  |b BIBGIM  |d 2019-11-22  |i 5014697  |o 001.42 HER 2010  |p 5014697  |r 2025-01-15  |w 2019-11-22  |y BK_R  |z Catalogado en:20131004  |k SSL 
952 |0 0  |1 0  |3 erb  |4 0  |6 001_420000000000000_HER_2010  |7 0  |8 R  |9 440101  |a BIBGIM  |b BIBGIM  |d 2019-11-22  |i 5014700  |o 001.42 HER 2010  |p 5014700  |r 2025-01-15  |w 2019-11-22  |y BK_R  |z Catalogado en:20131004  |k SSL 
952 |0 0  |1 0  |3 erb  |4 0  |6 001_420000000000000_HER_2010  |7 0  |8 A  |9 440102  |a BIBCUR  |b BIBCUR  |i 5039177  |l 2  |o 001.42 HER 2010  |p 5039177  |r 2025-04-22  |s 2024-10-23  |w 2019-11-22  |y BK  |z Catalogado en:20131227  |k PER 
952 |0 0  |1 0  |3 erb  |4 0  |6 001_420000000000000_HER_2010  |7 0  |8 R  |9 440103  |a BIBEDU  |b BIBEDU  |c MCIRC  |i 5078598  |o 001.42 HER 2010  |p 5078598  |r 2023-01-13  |w 2019-11-22  |y BK_R  |z Catalogado en:20140508  |k PSI 
952 |0 0  |1 0  |3 erb  |4 0  |6 001_420000000000000_HER_2010  |7 0  |8 R  |9 440104  |a BIBEDU  |b BIBEDU  |c MCIRC  |i 507858K  |l 7  |o 001.42 HER 2010  |p 507858K  |r 2025-03-31  |s 2025-03-28  |w 2019-11-22  |y BK_R  |z Catalogado en:20140508  |k PSI 
952 |0 0  |1 0  |3 erb  |4 0  |6 001_420000000000000_HER_2010  |7 0  |8 A  |9 440105  |a BIBTEO  |b BIBTEO  |i 5112419  |l 5  |o 001.42 HER 2010  |p 5112419  |r 2025-01-17  |s 2024-09-27  |w 2019-11-22  |y BK  |z Catalogado en:20140905  |k ICR 
952 |0 0  |1 0  |3 erb  |4 0  |6 001_420000000000000_HER_2010  |7 0  |8 R  |9 440106  |a BIBEDU  |b BIBEDU  |c MCIRC  |i 5127866  |l 8  |m 3  |o 001.42 HER 2010  |p 5127866  |q 2025-04-09  |r 2025-04-02  |s 2025-04-02  |w 2019-11-22  |y BK_R  |z Catalogado en:20141204  |k EBA 
952 |0 0  |1 0  |3 erb  |4 0  |6 001_420000000000000_HER_2010  |7 0  |8 A  |9 440107  |a BIBAGR  |b BIBAGR  |i 5133769  |l 7  |o 001.42 HER 2010  |p 5133769  |r 2025-01-16  |s 2024-12-18  |w 2019-11-22  |y BK  |z Catalogado en:20150109  |k AGR 
952 |0 0  |1 0  |2 ddc  |4 0  |6 001_420000000000000_HER_2010  |7 0  |8 A  |9 600854  |a BIBINC  |b BIBINC  |d 2025-03-10  |e Instituto Arcos   |i 5665783  |o 001.42 HER 2010  |p 5665783  |r 2025-03-10  |t 21  |w 2025-03-10  |y BK  |k IFP 
952 |0 0  |1 0  |2 ddc  |4 0  |6 001_420000000000000_HER_2010  |7 0  |8 A  |9 600855  |a BIBINC  |b BIBINC  |d 2025-03-10  |e Instituto Arcos   |i 5665784  |o 001.42 HER 2010  |p 5665784  |r 2025-03-10  |t 22  |w 2025-03-10  |y BK  |k IFP